000
00316 a2200157 4500
001
178796
020
_a
040
_c
Magnum
100
_a
Noronha, Teresa
240
1
0
_a
Diga xis
_l
por
245
1
0
_a
Diga xis
362
0
_a
1899
440
1
_a
Scipione
697
_a
MAGNITO: IJ/SOCIEDADE COTIDIAN
942
_c
BK
999
_c
178796
_d
178796